Ganado lechero : principios, prácticas, problemas y beneficios / por Donald L. Bath; [et. ál.] (Record no. 216888)
[ view plain ]
| 000 -CABECERA | |
|---|---|
| campo de control de longitud fija | 01050nam a2200253Ia 4500 |
| 001 - NÚMERO DE CONTROL | |
| campo de control | Z_2907 |
| 008 - DATOS DE LONGITUD FIJA--INFORMACIÓN GENERAL | |
| campo de control de longitud fija | 220601s9999 xx 000 0 und d |
| 020 ## - NÚMERO INTERNACIONAL ESTÁNDAR DEL LIBRO | |
| Número Internacional Estándar del Libro | 968-25-0782-0 |
| 082 ## - NÚMERO DE LA CLASIFICACIÓN DECIMAL DEWEY | |
| Número de clasificación | 636.214 B38y |
| 100 ## - ENTRADA PRINCIPAL--NOMBRE DE PERSONA | |
| Nombre de persona | Bath, Donald L. |
| 9 (RLIN) | 10806 |
| 245 ## - MENCIÓN DE TÍTULO | |
| Título | Ganado lechero : principios, prácticas, problemas y beneficios / por Donald L. Bath; [et. ál.] |
| 250 ## - MENCIÓN DE EDICIÓN | |
| Mención de edición | 2a ed. |
| 260 ## - PUBLICACIÓN, DISTRIBUCIÓN, ETC. | |
| Lugar de publicación, distribución, etc. | México, D. F. : Interamericana |
| 300 ## - DESCRIPCIÓN FÍSICA | |
| Extensión | 541 p. |
| 500 ## - NOTA GENERAL | |
| Nota general | Traducción y adaptación de la segunda 2a ed. en inglés de 1978 de la obra: Dary Cattle: principles, practices, problems, profits.Priera edición en español 1982 |
| 503 ## - NOTA DE HISTORIA BIBLIOGRÁFICA (BK CF MU) [OBSOLETO] | |
| Nota de historia bibliográfica | 1697, 129540 |
| 650 ## - PUNTO DE ACCESO ADICIONAL DE MATERIA--TÉRMINO DE MATERIA | |
| Término de materia o nombre geográfico como elemento de entrada | 1. Ganado lechero |
| 9 (RLIN) | 152229 |
| 700 ## - PUNTO DE ACCESO ADICIONAL--NOMBRE DE PERSONA | |
| Nombre de persona | I. Dickinson, Frank, coautor II. Tucker, H. Allen, coautor III. Appleman, Robert D. caoutor IV. Contín Sanz, Agustín, traductor V. González Muñoz, Sergio, revisión técnica.Ì |
| 9 (RLIN) | 179932 |
| 901 ## - ELEMENTOS DE DATOS A LOCAL LDA (RLIN) | |
| a | 636.214 B38Y |
| 902 ## - ELEMENTOS DE DATOS B LOCAL, LDB (RLIN) | |
| a | M |
| 905 ## - ELEMENTOS DE DATOS E LOCAL, LDE (RLIN) | |
| a | 0000001982 admn0000000000 00 |
| 942 ## - ELEMENTOS DE PUNTO DE ACCESO ADICIONAL (KOHA) | |
| Tipo de ítem Koha | Libro_ |
| Estado de retiro | Estado de pérdida | Fuente del sistema de clasificación o colocación | Estado dañado | No para préstamo | Código de colección | Localización permanente | Ubicación/localización actual | Ubicación en estantería | Fecha de adquisición | Total de préstamos | Código de barras | Fecha visto por última vez | Fecha del último préstamo | Número de copia | Precio válido a partir de | Tipo de ítem Koha |
|---|---|---|---|---|---|---|---|---|---|---|---|---|---|---|---|---|
| Dewey Decimal Classification | General | Zootecnia | Zootecnia | 05/07/2011 | 9 | z_1792 | 29/10/2025 | 29/10/2025 | 2 | 02/06/2022 | Libro | |||||
| Dewey Decimal Classification | General | Zootecnia | Zootecnia | 05/07/2011 | 1 | z_1791 | 15/11/2024 | 15/11/2024 | 1 | 02/06/2022 | Libro |
